000 00465nam a2200193Ia 4500
008 170705s9999 xx 000 0 und d
020 _a439419174
245 4 _aThe brave bunny /
245 _cBen M. Baglio ; illustrated by Andy Ellis.
260 _aNew York :
260 _bScholastic,
260 _c2001
300 _a59 pages :
300 _bcolor illustration ;
300 _c19cm.
440 _aLittle animal ark ;
440 _v4
500 _a400
999 _c335847
_d335847